000 00667nam a22001937a 4500
003 NUST-PNEC
005 20170116180950.0
008 140425b xxu||||| |||| 00| 0 eng d
020 _a0890065535
040 _cLIBRARY
082 _a621.381 NER
100 _948
_aNeri, Filippo
245 _aIntroduction to electronic defense systems
_cFilippo, Neri
260 _cc.1991
300 _axix, 622 p. :
_bill. :
_c24 cm.
500 _aIncludes index. http://www.amazon.com/Introduction-Electronic-Defense-Systems-Filippo/dp/1580531792/ref=sr_1_1?s=books&ie=UTF8&qid=1398427023&sr=1-1&keywords=1580531792
650 _xMIS
_99121
_aDefense systems
942 _2ddc
_cBK
999 _c66407
_d66407